Studies on the effects of static magnetic fields on some biophysical properties of mammalian blood / (رقم التسجيلة. 180646)

تفاصيل مارك
000 -LEADER
fixed length control field 01474namaa22003251i 4500
005 - أخر تعامل مع التسجيلة
control field 20260629123339.0
008 - FIXED-LENGTH DATA ELEMENTS--GENERAL INFORMATION
fixed length control field 260629s1994 ua a|||frm||| 000 0 eng d
040 ## - CATALOGING SOURCE
Original cataloguing agency EG-GICUC
Language of cataloging eng
Transcribing agency EG-GICUC
Modifying agency EG-GICUC
Description conventions rda
041 0# - LANGUAGE CODE
Language code of text/sound track or separate title eng
Language code of summary or abstract eng
-- ara
049 ## - Acquisition Source
Acquisition Source Deposit
097 ## - Degree
Degree M.Sc
099 ## - LOCAL FREE-TEXT CALL NUMBER (OCLC)
Local Call Number Cai01.12.04.M.Sc.1994.Mo.S
100 0# - MAIN ENTRY--PERSONAL NAME
Authority record control number or standard number Mousa Abdel Alime Jbrahim Allam,
Preparation preparation.
245 10 - TITLE STATEMENT
Title Studies on the effects of static magnetic fields on some biophysical properties of mammalian blood /
Statement of responsibility, etc. By Mousa Abdel Alime Jbrahim Allam ; Supervised Prof. Dr. Fadel M. Ali, Prof. Dr. Ekram Zaki, Dr. Magdy M. Ghanam
246 15 - VARYING FORM OF TITLE
Title proper/short title دراسة تأثير المجال المغناطيسي الاستاتيكي علي بعض الخواص البيوفيز يقية لدم الثدييات
264 #0 - PRODUCTION, PUBLICATION, DISTRIBUTION, MANUFACTURE, AND COPYRIGHT NOTICE
Date of production, publication, distribution, manufacture, or copyright notice 1994.
300 ## - PHYSICAL DESCRIPTION
Extent multi-number
Other physical details illustrations
Dimensions 30 cm. +
336 ## - CONTENT TYPE
Source rda content
Content type term text
337 ## - MEDIA TYPE
Source rdamedia
Media type term Unmediated
338 ## - CARRIER TYPE
Source rdacarrier
Carrier type term volume
502 ## - DISSERTATION NOTE
Dissertation note Thesis (M.Sc.)-Cairo University, 1994
504 ## - BIBLIOGRAPHY, ETC. NOTE
Bibliography, etc. note Bibliography: pages multi-number
653 #0 - INDEX TERM--UNCONTROLLED
Uncontrolled term static magnetic fields
-- some biophysical properties of mammalian blood
700 0# - ADDED ENTRY--PERSONAL NAME
Personal name Fadel M. Ali
Relator term thesis advisor.
700 0# - ADDED ENTRY--PERSONAL NAME
Personal name Ekram Zaki
Relator term thesis advisor.
700 0# - ADDED ENTRY--PERSONAL NAME
Personal name Magdy M. Ghanam
Relator term thesis advisor.
900 ## - Thesis Information
Department Department of Biophysics
Faculties Faculty of Science
Universities Cairo University
Grant date 1994
Supervisory body Fadel M. Ali
-- Ekram Zaki
-- Magdy M. Ghanam
905 ## - Cataloger and Reviser Names
Cataloger Name Nehad
942 ## - ADDED ENTRY ELEMENTS (KOHA)
Source of classification or shelving scheme Dewey Decimal Classification
Koha item type Thesis
Edition 21
Suppress in OPAC No
المقتنيات
Source of classification or shelving scheme Home library Current library Date acquired Inventory number Full call number Barcode Date last seen Effective from Koha item type
Dewey Decimal Classification المكتبة المركزبة الجديدة - جامعة القاهرة مكتبة المئوية 29.06.2026 25757 Cai01.12.04.M.Sc.1994.Mo.S 01010110025757000 29.06.2026 29.06.2026 Thesis
Cairo University Libraries Portal Implemented & Customized by: Eng. M. Mohamady Contacts: new-lib@cl.cu.edu.eg | cnul@cl.cu.edu.eg
CUCL logo CNUL logo
© All rights reserved — Cairo University Libraries
CUCL logo
Implemented & Customized by: Eng. M. Mohamady Contact: new-lib@cl.cu.edu.eg © All rights reserved — New Central Library
CNUL logo
Implemented & Customized by: Eng. M. Mohamady Contact: cnul@cl.cu.edu.eg © All rights reserved — Cairo National University Library